000 00489nam a2200193Ia 4500
005 20140311163135.0
008 140130s9999 xx 000 0 und d
020 _a0439017483
050 _aPZ 7
_b.C464 2001
100 _aChaplin, Alison
_931387
245 _cChaplin, Alison
_aCrime pay doesn't /
260 _bScholastic,
_c2001.
_aCladeron Avenue :
300 _a56 p. :
_bill. ;
_c29 cm.
440 _v1
521 _aG12
526 _c1530
942 _cBK
_2lcc
999 _c41611
_d41611